| 000 | 00733nam a2200205 a 4500 | ||
|---|---|---|---|
| 005 | 20240925064539.0 | ||
| 008 | 041027s1997 es r 000 0 spa d | ||
| 020 | _a8433107224 | ||
| 035 | _aUPN01000136039 | ||
| 049 | _aCG | ||
| 050 | 4 |
_aLB1062 _bC2.4 |
|
| 100 | 1 |
_aCalvo Novell, Carmen _940743 |
|
| 245 | 1 | 0 |
_aEstrategias de pensamiento constructivo 2 : _baprender a pensar : cuaderno de ejercios para el 3er. ciclo de educación primaria : 10,11 y 12 años / _cCarmen Calvo Novell. |
| 260 |
_aMadrid : _bEscuela Española, _c[1997]. |
||
| 300 |
_a111 p. : _bil. |
||
| 440 | 0 |
_aRecuperación y apoyo educativo ; _v51 |
|
| 650 | 4 |
_aPensamiento creativo (Educación) _95414 |
|
| 650 | 7 |
_aAptitud creadora _2 _91354 |
|
| 905 | _aLibro | ||
| 999 |
_c108190 _d108190 |
||